History Quiz

Random History or Politics Quiz

Bill of Rights (Part 3) Quiz Stats

 Plays Quiz Updated Jul 7, 2017

Support Sporcle.
Go Orange.
Score 0/116 Timer 08:00
0 Plays Today
% Correct
the
94.9%
the
94.9%
the
94.9%
the
94.9%
the
94.9%
the
94.9%
The
94.9%
the
94.9%
the
94.9%
The
94.9%
the
94.9%
the
94.9%
the
94.9%
the
94.9%
the
94.9%
a
94.3%
to
83.6%
to
83.6%
to
83.6%
to
83.6%
to
83.6%
to
83.6%
right
83.1%
no
80.8%
and
80.3%
and
80.3%
of
79.9%
of
79.9%
of
79.9%
of
79.9%
be
79%
be
79%
be
79%
be
79%
States,
77.2%
States
77.2%
States,
77.2%
States
77.2%
In
77%
% Correct
in
77%
in
77%
in
77%
not
75.3%
not
75.3%
not
75.3%
shall
74.7%
shall
74.7%
shall
74.7%
shall
74.7%
shall
74.7%
people.
73.6%
people.
73.6%
United
64.9%
United
64.9%
by
64.6%
by
64.6%
by
64.6%
by
64.6%
by
64.6%
rights,
62.9%
or
60.9%
or
60.9%
law,
57.2%
law.
57.2%
jury
55.8%
jury,
55.8%
trial
54.2%
cruel
53%
unusual
52.6%
Constitution,
52%
Constitution,
52%
are
51.6%
it
49%
nor
48.3%
nor
48.3%
nor
48.3%
any
48%
powers
47.7%
% Correct
court
42.8%
reserved
42.8%
at
42.6%
where
41.8%
punishments
40.8%
bail
40.2%
Excessive
40.1%
excessive
40.1%
fines
36.2%
dollars,
36.1%
twenty
35.8%
common
35.4%
common
35.4%
exceed
33.7%
imposed,
33.4%
delegated
32.9%
construed
31.5%
enumeration
31.4%
required,
31.3%
inflicted.
30.5%
suits
30.2%
certain
29.8%
deny
29%
prohibited
28.4%
preserved,
27.8%
value
27.8%
retained
27.6%
than
27.4%
controversy
27.3%
tried
26.9%
respectively,
26.7%
others
26.2%
disparage
26.1%
fact
25.1%
rules
23.7%
re-examined
23.4%
otherwise
23.2%
according
22.2%

You're not logged in!

Compare scores with friends on all Sporcle quizzes.
OR
Log In
Forgot?

From the Vault

English Literature Sorting Gallery

by NJSB

A little English lit for a well-read Brit...Or anyone else who enjoys reading.
Remove Ads.
Support Sporcle.
Get the best of Sporcle when you Go Orange. This ad-free experience offers more features, more stats, and more fun while also helping to support Sporcle. Thank you for becoming a member.

Show Comments

Extras

Top Quizzes Today


Score Distribution

Your Account Isn't Verified!

In order to create a playlist on Sporcle, you need to verify the email address you used during registration. Go to your Sporcle Settings to finish the process.

Report this User

Report this user for behavior that violates our Community Guidelines.

Details: